000 00717nam a22002177a 4500
003 OSt
005 20160913160741.0
008 160227b xxu||||| |||| 00| 0 eng d
020 _a9710445554
040 _cLIC
082 _22010
_aDFil 364.3
_bIn89i
245 _aIntroduction to criminology and psychology of crimes/
_cPorfirio C. Madelo [and 2 others].
260 _aIntramuros, Manila :
_bMindshapers Co., Inc.,
_cc2010.
300 _axii, 199 pages ;
_c26 cm.
365 _b495.00
_cPhp
500 _aIncludes bibliographical references (p. 199).
650 0 _93214
_aCriminal psychology
650 0 _93215
_aCrime
700 _93216
_aAmante, Diosdado A. and Lorenzo, Harry C. Lorenzo.
942 _2ddc
_cDFIL
999 _c1144
_d1144